| 000 | 00719nam a22001935i 4500 | ||
|---|---|---|---|
| 001 | 159721 | ||
| 003 | ES-MaACL | ||
| 005 | 20250718062546.0 | ||
| 008 | 940202s1886 sp |||| | spa d | ||
| 040 |
_aCAM _bspa |
||
| 100 | 1 |
_aMinteguiaga, Venancio María de _c(S.I.) ( _d1838-1911) _9129950 |
|
| 245 | 1 | 3 |
_aLa moral independiente y los principios del derecho nuevo / _cpor Venancio Maria de Minteguiaga ; obra precedida de un prólogo de Juan Manuel Orti y Lara. |
| 260 |
_aMadrid : _bLa Ciencia Cristiana, _c1886. |
||
| 300 |
_aXXXIII, 504 p. ; _c23 cm. |
||
| 650 | 7 |
_aÉtica _2embne _912577 |
|
| 700 | 1 |
_aOrtí y Lara, Juan Manuel. _987534 |
|
| 852 |
_aES-MaACL _jF-8083 _z-- Enc. pasta |
||
| 999 |
_c159721 _d159721 |
||